00712 2200181 4500245003700000020002200037250001100059100001900070700001200089650002000101005001900121260003300140041001400173084001100187300002500198500029800223336000900521 aWho Am I ?cMaharani TasyahText a978-602-6940-22-3 aCet. 1 aMaharani Tasya aSinta A aNovel Indonesia a20231002083033 aJakartabCoconut Booksc2017 aIndonesia a808.83 a472 hlm. :c20.5 cm. aDavino argya Siswa yang terkenal disekolahnya karna dicap sebagai badboy yang memiliki bad attiitude dan wajah yang tampan. Banyak wanita yang tergila gila padanya bahkan ada yang menamai diri mereka sebagai fans dari seorang davino wajah tampannya mampu membuat para wanita menjerit histeris. atext